|
|
|
|
| LEADER |
00000cam a2200000 7i4500 |
| 001 |
0000000218 |
| 002 |
000000287 |
| 005 |
20131104.0 |
| 020 |
|
|
|a 9679840298
|
| 090 |
0 |
0 |
|a 959.07
|b AHM
|
| 100 |
0 |
|
|a Ahmad Jelani Halimi
|
| 245 |
1 |
0 |
|a Tinjauan sejarah Asia Tenggara dan Asia Timur moden :
|b kajian lengkap STPM
|c Ahmad Jelani Halimi
|
| 260 |
|
|
|a Kuala Lumpur :
|b Nurin Enterprise ,
|c 1990
|
| 300 |
|
|
|a 399p
|
| 651 |
|
0 |
|a Asia, Southeast
|x History,STPM
|
| 999 |
|
|
|a 027964
|b BUKU
|c RUJUKAN
|e PERPUSTAKAAN KOMUNITI PETALING JAYA
|
| 999 |
|
|
|a 027965
|b BUKU
|c RUJUKAN
|e PERPUSTAKAAN KOMUNITI PETALING JAYA
|